| 000 | 00989nam a22003014a 4500 | ||
|---|---|---|---|
| 001 | PE-BaUNAB | ||
| 005 | 20260702215003.0 | ||
| 006 | a||||gr|||| 001 0 | ||
| 007 | ta | ||
| 008 | t pe gr 00| 0 spa d | ||
| 017 | _aB 18270-2021 | ||
| 020 | _a9788413820439 | ||
| 040 | _aPE-BaUNAB | ||
| 041 | _aspa | ||
| 043 | _cper | ||
| 082 | _a611.8 | ||
| 100 |
_aMtui, Estomith _eAutor _913874 |
||
| 245 | _aFitzgerald : neuroanatomía clínica y neurociencia | ||
| 260 |
_aEspaña : _bElsevier, _c2022 |
||
| 300 |
_a416 páginas : _c27 cm |
||
| 505 | _a1. Embriología, 2. Topografía cerebral, 3. Mesencéfalo, rombencéfalo, médula espinal, 4. Meninges, 5. Neuronas y neuroglía, 6.Neuronas y neuroglía, 7. Acontecimientos eléctricos.. | ||
| 650 |
_aNeuroanatomía _911563 |
||
| 650 |
_aAnatomía _98324 |
||
| 650 |
_aNeurociencias _911636 |
||
| 700 |
_aGruener, Gregory _913875 |
||
| 700 |
_aDockery, Peter _913876 |
||
| 942 |
_2ddc _cLIB _e2026-07-02 _zLRM |
||
| 999 |
_c6124 _d6124 |
||